<?xml version="1.0" encoding="UTF-8"?>
<record
    xmlns:xsi="http://www.w3.org/2001/XMLSchema-instance"
    xsi:schemaLocation="http://www.loc.gov/MARC21/slim http://www.loc.gov/standards/marcxml/schema/MARC21slim.xsd"
    xmlns="http://www.loc.gov/MARC21/slim">

  <leader>00783nam1a22002291i 4500</leader>
  <controlfield tag="001">rc\85830</controlfield>
  <controlfield tag="005">20260406162913.0</controlfield>
  <datafield tag="010" ind1=" " ind2=" ">
    <subfield code="a">5872240193</subfield>
    <subfield code="9">30000</subfield>
  </datafield>
  <datafield tag="035" ind1=" " ind2=" ">
    <subfield code="a">(NLR Aleph) 005391391</subfield>
  </datafield>
  <datafield tag="090" ind1=" " ind2=" ">
    <subfield code="a">7190023</subfield>
    <subfield code="c">7190023</subfield>
  </datafield>
  <datafield tag="100" ind1=" " ind2=" ">
    <subfield code="a">20021216d1993    u  |0rusy50      ca</subfield>
  </datafield>
  <datafield tag="101" ind1="0" ind2=" ">
    <subfield code="a">rus</subfield>
  </datafield>
  <datafield tag="102" ind1=" " ind2=" ">
    <subfield code="a">RU</subfield>
  </datafield>
  <datafield tag="105" ind1=" " ind2=" ">
    <subfield code="a">y   |||||||||</subfield>
  </datafield>
  <datafield tag="200" ind1="1" ind2=" ">
    <subfield code="a">&#x412;&#x43E;&#x437;&#x432;&#x440;&#x430;&#x449;&#x435;&#x43D;&#x43D;&#x44B;&#x439; &#x43E;&#x43A;&#x43A;&#x443;&#x43B;&#x44C;&#x442;&#x438;&#x437;&#x43C;, &#x438;&#x43B;&#x438; &#x41F;&#x43E;&#x432;&#x435;&#x441;&#x442;&#x44C; &#x43E; &#x442;&#x43E;&#x43D;&#x43A;&#x43E;&#x439; &#x441;&#x435;&#x43C;&#x435;&#x440;&#x43A;&#x435;</subfield>
    <subfield code="e">[&#x412; 2 &#x43A;&#x43D;.]</subfield>
  </datafield>
  <datafield tag="210" ind1=" " ind2=" ">
    <subfield code="a">&#x412;&#x43E;&#x440;&#x43E;&#x43D;&#x435;&#x436;</subfield>
    <subfield code="c">&#x418;&#x437;&#x434;-&#x432;&#x43E; &#x41D;&#x41F;&#x41E; "&#x41C;&#x41E;&#x414;&#x42D;&#x41A;"</subfield>
    <subfield code="d">1993</subfield>
  </datafield>
  <datafield tag="215" ind1=" " ind2=" ">
    <subfield code="d">20</subfield>
  </datafield>
  <datafield tag="700" ind1=" " ind2="1">
    <subfield code="4">070</subfield>
    <subfield code="8">rus</subfield>
    <subfield code="7">ca</subfield>
    <subfield code="a">&#x41F;&#x43E;&#x434;&#x432;&#x43E;&#x434;&#x43D;&#x44B;&#x439;</subfield>
    <subfield code="b">&#x410;. &#x411;.</subfield>
    <subfield code="f">1953-2018</subfield>
    <subfield code="g">&#x410;&#x432;&#x435;&#x441;&#x441;&#x430;&#x43B;&#x43E;&#x43C; &#x411;&#x43E;&#x43D;&#x438;&#x444;&#x430;&#x442;&#x44C;&#x435;&#x432;&#x438;&#x447;</subfield>
    <subfield code="3">RU\NLR\AUTH\779743</subfield>
    <subfield code="9">119553</subfield>
  </datafield>
  <datafield tag="801" ind1=" " ind2="0">
    <subfield code="a">RU</subfield>
    <subfield code="b">NLR</subfield>
    <subfield code="g">psbo</subfield>
  </datafield>
  <datafield tag="801" ind1=" " ind2="1">
    <subfield code="a">RU</subfield>
    <subfield code="b">ELAR</subfield>
    <subfield code="2">rusmarc</subfield>
  </datafield>
  <datafield tag="852" ind1=" " ind2=" ">
    <subfield code="a">NLR</subfield>
    <subfield code="j">93-3/3155</subfield>
  </datafield>
  <datafield tag="942" ind1=" " ind2=" ">
    <subfield code="c">BOOK</subfield>
  </datafield>
</record>
